L'homme et son Prochain: actes du VIIIe Congrès des Sociétés de Philosophie de Langue Francaise

Saved in:
Bibliografiske detaljer
Format: Bog
Sprog:fransk
Udgivet: Toulouse Presses Universitaires 1956
Fag:
Tags: Tilføj Tag
Ingen Tags, Vær først til at tagge denne postø!

MARC

LEADER 00000nam a2200000 a 4500
001 UCZ4211
003 CL-VaPUC
005 20250108094721.0
008 951106e19560000fr 1 fre d
082 0 4 |a 102  |b LHO  |2 21 
245 1 2 |a L'homme et son Prochain: actes du VIIIe Congrès des Sociétés de Philosophie de Langue Francaise 
260 |a Toulouse  |b Presses Universitaires  |c 1956 
300 |a 328 p 
583 |a last modification  |c 20130320 11:22:42  |k Rodrigo Vera 
650 0 0 |a Filosofía   |9 223554 
650 0 0 |a Antropología   |9 233030 
650 0 7 |a HOMBRE  |2 CL-VaPUC  |9 262149 
650 0 0 |a Naturaleza humana   |9 308593 
650 0 0 |a Filosofía francesa   |9 255698 
650 0 0 |a Fenomenología  |9 256519 
650 0 0 |a Sociología   |9 255410 
650 0 0 |a Axiología  |9 334895 
650 0 0 |a Historia  |9 255047 
942 |c BK 
945 |a cmena  |d 19951106 00:00:00 
546 |a En Francés 
536 |a Société Toulousaine de Philosophie 
518 |p Congrès des Sociétés de Philosophie de Langue Francaise, 8, Toulouse, 6 al 9 de Septiembre de 1956 
999 |c 382450  |d 382448 
952 |0 0  |1 0  |4 0  |6 102_000000000000000_LHO_1956  |7 0  |8 P  |9 504162  |a BIBEDU  |b BIBEDU  |c BIBEDU_PB  |d 2020-01-23  |i 1595199  |o 102 LHO 1956  |p 1595199  |r 2024-01-25  |w 2020-01-23  |y BK  |k FIL